[Event "Skopje ol (Men) fin-A"]
[Site "Skopje"]
[Date "1972.10.01"]
[Round "5.2"]
[White "Ree, Hans"]
[Black "Tringov, Georgi P"]
[Result "1/2-1/2"]
[WhiteElo "2480"]
[BlackElo "2460"]

1. d4 Nf6 2. c4 c5 3. d5 b5 4. cxb5 a6 5. e3 g6 6. Nc3 Bg7 7. bxa6 O-O 8. Bc4  d6 9. Nge2 Nbd7 10. O-O Bxa6 11. Bxa6 Rxa6 12. e4 Qa8 13. Qc2 c4 14. Be3 Ne5  15. Rab1 Rc8 16. h3 Nfd7 17. f4 Nd3 18. b4 cxb3 19. Qxd3 bxa2 20. Ra1 Nc5 21.  Bxc5 Rxc5 22. Rfc1 Ra3 23. e5 dxe5 24. Rxa2 Rxa2 25. Nxa2 Rxd5 26. Qc4 exf4 27.  Nb4 Rd2 28. Qc8+ Qxc8 29. Rxc8+ Bf8 30. Nxf4 e5 31. Nfd5 Kg7 32. Rc4 h5 33. g4  hxg4 34. hxg4 Bxb4 35. Nxb4 Kh6 1/2-1/2

[Event "Skopje ol (Men) fin-A"]
[Site "Skopje"]
[Date "1972.10.01"]
[Round "5.3"]
[White "Filip, Miroslav"]
[Black "Rubinetti, Jorge Alberto"]
[Result "1/2-1/2"]
[WhiteElo "2510"]
[BlackElo "2410"]

1. d4 Nf6 2. c4 e6 3. Nf3 Bb4+ 4. Nbd2 O-O 5. e3 d5 6. a3 Be7 7. Bd3 b6 8. O-O  Bb7 9. b3 Nbd7 10. Bb2 c5 11. Qe2 cxd4 12. exd4 Re8 13. Rac1 a6 14. Rfd1 Bf8  15. Ne5 dxc4 16. bxc4 Nxe5 17. dxe5 Nd7 18. Ne4 Bxe4 19. Bxe4 Ra7 20. Rc3 g6  21. Bc6 Qc8 22. Ba4 Re7 23. h4 Nc5 24. Bc2 Red7 25. Rxd7 Rxd7 26. h5 1/2-1/2

[Event "Skopje ol (Men) fin-A"]
[Site "Skopje"]
[Date "1972.10.01"]
[Round "5.3"]
[White "Holm, Sejer"]
[Black "Toran Albero, Roman"]
[Result "0-1"]
[WhiteElo "2395"]
[BlackElo "2420"]

1. d4 Nf6 2. c4 c5 3. d5 b5 4. cxb5 a6 5. bxa6 Bxa6 6. Nc3 d6 7. Nf3 g6 8. e4  Bxf1 9. Kxf1 Bg7 10. g3 O-O 11. Kg2 Nbd7 12. Re1 Qc7 13. Re2 Rfb8 14. Rc2 Qb7  15. h3 Qa6 16. Bg5 h6 17. Be3 Ne8 18. Qd2 Kh7 19. Rd1 Rb4 20. a3 Rb3 21. Qc1  Rab8 22. Nd2 R3b7 23. f4 Qd3 24. Ndb1 Qxc2+ 25. Qxc2 Rxb2 26. Rd2 Rxc2 27. Rxc2  Rb3 28. Bc1 f5 29. exf5 gxf5 30. a4 Nc7 31. a5 Kg6 32. Bd2 Nb8 33. Be1 Nba6 34.  Re2 Kf7 35. g4 Nb4 36. a6 Nbxa6 37. gxf5 Nb4 38. Re3 Bd4 39. Rf3 Rb2+ 40. Kg3  Ncxd5 41. Nxd5 Nxd5 0-1

[Event "Skopje ol (Men) fin-A"]
[Site "Skopje"]
[Date "1972.10.01"]
[Round "5.3"]
[White "Schaufelberger, Heinz"]
[Black "Ungureanu, Emil"]
[Result "1-0"]
[WhiteElo "2340"]
[BlackElo "2410"]

1. c4 g6 2. Nf3 Bg7 3. Nc3 d6 4. d4 Nc6 5. d5 Ne5 6. Nd2 f5 7. e3 Nh6 8. Be2  O-O 9. O-O e6 10. Nb3 c5 11. a4 Kh8 12. Nd2 Qh4 13. g3 Qe7 14. Ra3 g5 15. f3  Ng6 16. dxe6 Bxe6 17. Nd5 Qf7 18. Nb1 f4 19. Nbc3 fxg3 20. hxg3 Bh3 21. Rf2 Ng4  22. Ne4 Nxf2 23. Kxf2 Be5 24. Nxg5 Qf5 25. Nxh3 Qxh3 26. Qg1 Rg8 27. f4 Raf8  28. Qg2 Qf5 29. Bd3 Qf7 30. Qh3 Ne7 31. Be4 Rg7 32. Rd3 Nxd5 33. Bxd5 Qg6 34.  e4 Bd4+ 35. Kg2 b6 36. Rf3 Qg4 37. Qxg4 Rxg4 38. Rf1 Rg6 39. Rh1 Rg4 40. Kf3  Rg7 41. Rh3 Rf6 42. f5 1-0

[Event "Skopje ol (Men) fin-A"]
[Site "Skopje"]
[Date "1972.10.01"]
[Round "5.4"]
[White "Bellon Lopez, Juan Manuel"]
[Black "Pedersen, Eigil"]
[Result "1-0"]
[WhiteElo "2385"]
[BlackElo "2375"]

1. b3 d6 2. Bb2 Nd7 3. g3 Ngf6 4. Bg2 c6 5. e4 e5 6. Ne2 Be7 7. O-O O-O 8. d4  Re8 9. Re1 Qc7 10. Nbc3 b5 11. Qd2 Bb7 12. Nd1 Rad8 13. Ne3 Bf8 14. Nf5 h6 15.  Bc3 Nb6 16. Rad1 b4 17. Bb2 exd4 18. Nexd4 Qc8 19. Bh3 Kh7 20. Nf3 Nxe4 21.  Rxe4 Rxe4 22. Nxh6 gxh6 23. Bxc8 Bxc8 24. Ng5+ hxg5 25. Qxg5 Rde8 26. Qh5+ 1-0

[Event "Skopje ol (Men) fin-A"]
[Site "Skopje"]
[Date "1972.10.01"]
[Round "5.4"]
[White "Debarnot, Roberto Luis"]
[Black "Trapl, Jindrich"]
[Result "1/2-1/2"]
[WhiteElo "2375"]
[BlackElo "2315"]

1. d4 Nf6 2. c4 c5 3. Nf3 e6 4. e3 d5 5. Nc3 Nc6 6. a3 cxd4 7. exd4 Be7 8. Bd3  dxc4 9. Bxc4 O-O 10. O-O a6 11. b4 Qc7 12. Qe2 b5 13. Bd3 Nxb4 14. axb4 Qxc3  15. Bb2 Qc7 16. Bxb5 Bb7 17. Bxa6 1/2-1/2

[Event "Skopje ol (Men) fin-A"]
[Site "Skopje"]
[Date "1972.10.01"]
[Round "5.4"]
[White "Enklaar, Bertus F"]
[Black "Padevsky, Nikola"]
[Result "0-1"]
[WhiteElo "2410"]
[BlackElo "2430"]

1. Nf3 e6 2. c4 f5 3. g3 Nf6 4. Bg2 Be7 5. O-O O-O 6. b3 Qe8 7. d4 d5 8. Ba3  Bxa3 9. Nxa3 Nc6 10. Qd3 Qe7 11. Nc2 Bd7 12. Ne5 Rad8 13. Ne3 Be8 14. Rad1 Ne4  15. Nxc6 Bxc6 16. f3 Nd6 17. Qc3 f4 18. Ng4 fxg3 19. hxg3 Nf5 20. f4 Be8 21.  Ne5 c5 22. dxc5 Qxc5+ 23. Rf2 d4 24. Qd3 Bc6 25. b4 Qd6 26. c5 Qc7 27. Bxc6  bxc6 28. Rh2 h6 29. Qf3 Rd5 30. Nc4 Qe7 31. Qb3 Qf6 32. Rf1 d3 33. exd3 Nxg3  34. Rf3 Rg5 35. fxg5 Qxf3 36. Qb1 0-1

[Event "Skopje ol (Men) fin-A"]
[Site "Skopje"]
[Date "1972.10.01"]
[Round "5.4"]
[White "Partos, Charles"]
[Black "Wirthensohn, Heinz"]
[Result "1-0"]
[WhiteElo "2425"]
[BlackElo "2315"]

1. d4 d5 2. c4 e6 3. Nc3 Be7 4. Nf3 Nf6 5. e3 O-O 6. Qc2 Nbd7 7. Bd2 dxc4 8.  Bxc4 c5 9. O-O a6 10. a4 b6 11. d5 exd5 12. Nxd5 Nxd5 13. Bxd5 Ra7 14. e4 Qc7  15. Rac1 Nf6 16. Ba2 Bg4 17. Nh4 Raa8 18. h3 Bd7 19. Nf5 Bxf5 20. exf5 Rad8 21.  Bc4 Qb7 22. Be3 Bd6 23. Qe2 a5 24. Qc2 Nd5 25. Qe4 Bb8 26. Rfd1 Qc7 27. Bxd5  Rfe8 28. Qf3 1-0

[Event "Skopje ol (Men) fin-A"]
[Site "Skopje"]
[Date "1972.10.01"]
[Round "5.4"]
[White "Savon, Vladimir A"]
[Black "Vogt, Lothar"]
[Result "1/2-1/2"]
[WhiteElo "2595"]
[BlackElo "2390"]

1. e4 e5 2. Nf3 Nc6 3. Bb5 a6 4. Ba4 Nf6 5. O-O Be7 6. Re1 b5 7. Bb3 d6 8. c3  O-O 9. h3 Nb8 10. d4 Nbd7 11. Nbd2 Bb7 12. Bc2 Re8 13. b4 Bf8 14. a4 Nb6 15. a5  Nbd7 16. Rb1 d5 17. exd5 exd4 18. Nxd4 Bxd5 19. Nf1 Rxe1 20. Qxe1 Qe8 21. Bd2  1/2-1/2

[Event "Skopje ol (Men) fin-A"]
[Site "Skopje"]
[Date "1972.10.02"]
[Round "6.1"]
[White "Garcia, Raimundo"]
[Black "Hamann, Svend"]
[Result "1-0"]
[WhiteElo "2420"]
[BlackElo "2490"]

1. d4 Nf6 2. c4 e6 3. Nc3 Bb4 4. a3 Bxc3+ 5. bxc3 c5 6. e3 b6 7. Ne2 Bb7 8. Ng3  Qc7 9. e4 d6 10. d5 Nbd7 11. Be2 O-O 12. O-O b5 13. Bf4 Ne5 14. Bg5 Ned7 15.  Bf4 Ne5 16. dxe6 fxe6 17. Bxe5 dxe5 18. f3 bxc4 19. Bxc4 Rae8 20. Qb3 Bc8 21.  Rab1 Kh8 22. Rfd1 Qe7 23. Bb5 Rd8 24. Be2 Rxd1+ 25. Rxd1 h5 26. Nf1 Qc7 27. Ne3  Bd7 28. Rb1 g5 29. Nc4 Bc6 30. Qd1 Rd8 31. Qc1 Rg8 32. Qe3 Be8 33. Qd2 Qg7 34.  Qd6 g4 35. Qxe5 gxf3 36. Bxf3 Bg6 37. Rb8 Rxb8 38. Qxb8+ Kh7 39. Qe5 Qe7 40. h3  Nd7 41. Qc7 1-0

[Event "Skopje ol (Men) fin-A"]
[Site "Skopje"]
[Date "1972.10.02"]
[Round "6.1"]
[White "Gheorghiu, Florin"]
[Black "Hort, Vlastimil"]
[Result "1/2-1/2"]
[WhiteElo "2520"]
[BlackElo "2600"]

1. e4 e6 2. d4 d5 3. Nd2 c5 4. Ngf3 Nf6 5. exd5 exd5 6. Bb5+ Bd7 7. Qe2+ Qe7 8.  Bxd7+ Nbxd7 9. Qxe7+ Bxe7 10. dxc5 Nxc5 11. Nb3 Na4 12. O-O O-O 13. Rb1 Ne4 14.  Be3 Bf6 15. Bd4 Rac8 1/2-1/2

[Event "Skopje ol (Men) fin-A"]
[Site "Skopje"]
[Date "1972.10.02"]
[Round "6.1"]
[White "Tringov, Georgi P"]
[Black "Uhlmann, Wolfgang"]
[Result "0-1"]
[WhiteElo "2560"]
[BlackElo "2560"]

1. e4 e6 2. d4 d5 3. Nc3 Bb4 4. e5 c5 5. Bd2 Ne7 6. a3 Bxc3 7. Bxc3 Nbc6 8. Nf3  cxd4 9. Nxd4 Nxe5 10. Nxe6 Bxe6 11. Bxe5 O-O 12. Bd3 Nc6 13. Bg3 Qf6 14. O-O  Qxb2 15. Rb1 Qxa3 16. Rxb7 Rfe8 17. Re1 Re7 18. Re3 Qa2 19. Rb5 d4 20. Re1 Bc4  21. Rxe7 Nxe7 22. Rc5 Bxd3 23. cxd3 Ng6 24. h4 Nf8 25. Qf3 Re8 26. Rc7 a5 27.  Ra7 h6 28. Ra8 Qe6 29. Rxa5 Qe1+ 0-1

[Event "Skopje ol (Men) fin-A"]
[Site "Skopje"]
[Date "1972.10.02"]
[Round "6.2"]
[White "Bednarski, Jacek B"]
[Black "Smyslov, Vassily"]
[Result "1/2-1/2"]
[WhiteElo "2395"]
[BlackElo "2620"]

1. e4 e5 2. Nf3 Nc6 3. Bb5 a6 4. Bxc6 dxc6 5. O-O Qe7 6. d4 exd4 7. Qxd4 Bg4 8.  Bf4 Bxf3 9. gxf3 Nf6 10. Nc3 Nh5 11. Bg3 Rd8 12. Qa4 Nxg3 13. hxg3 Qb4 14. Rad1  Qxa4 15. Rxd8+ Kxd8 16. Nxa4 g6 17. f4 b5 18. Nc3 Bg7 19. Kg2 Ke7 20. e5 Rd8  21. Rd1 Rxd1 22. Nxd1 Ke6 23. Kf3 g5 24. fxg5 Kxe5 25. Ke3 c5 26. b3 Bf8 27.  Ke2 Kd4 28. Kd2 Ke4 29. Ke2 Kd4 1/2-1/2

[Event "Skopje ol (Men) fin-A"]
[Site "Skopje"]
[Date "1972.10.02"]
[Round "6.2"]
[White "Byrne, Robert E"]
[Black "Ree, Hans"]
[Result "1-0"]
[WhiteElo "2560"]
[BlackElo "2480"]

1. e4 e5 2. Nf3 Nc6 3. Bb5 a6 4. Ba4 Nf6 5. O-O Be7 6. Re1 b5 7. Bb3 d6 8. c3  O-O 9. h3 Nb8 10. d4 Nbd7 11. Nh4 Re8 12. Nf5 Bf8 13. f3 Bb7 14. Bg5 h6 15. Bh4  g6 16. Ne3 Bg7 17. Nd2 c6 18. Ndf1 Qb6 19. Bf2 Qc7 20. Rc1 Rad8 21. Rc2 Nb6 22.  Rd2 Nh5 23. Ng3 Nxg3 24. Bxg3 Qe7 25. f4 exd4 26. cxd4 c5 27. dxc5 dxc5 28. e5  Be4 29. Bc2 Bxc2 30. Qxc2 Rxd2 31. Qxd2 Rd8 32. Qf2 Rd3 33. f5 gxf5 34. Nxf5  Qe6 35. Re4 Kh7 36. Nxg7 Kxg7 37. Rg4+ Kh7 38. Qxc5 Rd8 39. Qc2+ 1-0

[Event "Skopje ol (Men) fin-A"]
[Site "Skopje"]
[Date "1972.10.02"]
[Round "6.2"]
[White "Filip, Miroslav"]
[Black "Ciocaltea, Victor"]
[Result "1/2-1/2"]
[WhiteElo "2510"]
[BlackElo "2470"]

1. c4 Nf6 2. Nc3 g6 3. d4 Bg7 4. e4 d6 5. f3 c6 6. Be3 a6 7. Bd3 O-O 8. Nge2 b5  9. Qd2 Nbd7 10. b3 e5 11. d5 cxd5 12. Nxd5 Nxd5 13. cxd5 f5 1/2-1/2

[Event "Skopje ol (Men) fin-A"]
[Site "Skopje"]
[Date "1972.10.02"]
[Round "6.2"]
[White "Malich, Burkhard"]
[Black "Radulov, Ivan"]
[Result "0-1"]
[WhiteElo "2490"]
[BlackElo "2490"]

1. c4 Nf6 2. Nf3 e6 3. Nc3 d5 4. d4 dxc4 5. e3 c5 6. Bxc4 a6 7. a4 Nc6 8. O-O  Qc7 9. Qe2 Bd6 10. Rd1 O-O 11. h3 b6 12. d5 exd5 13. Nxd5 Nxd5 14. Bxd5 Bb7 15.  e4 Rae8 16. Be3 Bc8 17. Qd2 Rd8 18. Bg5 Rd7 19. Qc3 Nb4 20. Bc4 Re8 21. Re1 Nc6  22. Rad1 h6 23. Bc1 Rde7 24. Qd3 Be5 25. Nxe5 Nxe5 26. Qc3 Nxc4 27. Qxc4 Bf5  28. Qxa6 Bxe4 29. Re3 Bb7 30. Qe2 Rxe3 31. Bxe3 Qc6 32. Qg4 Re6 33. Rd8+ Kh7  34. Qf5+ Rg6 35. f3 Qc7 36. Rd2 Bc8 37. Qf4 Qe7 38. Kh2 Rf6 39. Qe4+ Qxe4 40.  fxe4 Re6 41. a5 Rxe4 42. Bf2 bxa5 43. Bxc5 a4 44. Kg3 Be6 45. Kf2 Rf4+ 46. Ke3  Rf1 47. Bd4 g5 48. Rf2 Rg1 49. Kd2 Rh1 50. Kc3 f5 51. Kb4 f4 52. Kc5 Bc8 53.  Re2 Kg6 54. Re8 Rc1+ 55. Kb4 Kh5 56. Rh8 Bb7 57. Bg7 Rc6 58. Rb8 Rc7 59. Be5  Re7 60. Bd6 Rd7 61. g4+ Kh4 62. Bc5 Rh7 63. Kxa4 Kxh3 64. b4 Kxg4 65. b5 h5 0-1

[Event "Skopje ol (Men) fin-A"]
[Site "Skopje"]
[Date "1972.10.02"]
[Round "6.3"]
[White "Csom, Istvan"]
[Black "Schaufelberger, Heinz"]
[Result "1-0"]
[WhiteElo "2485"]
[BlackElo "2340"]

1. Nf3 d5 2. b3 Nf6 3. Bb2 c6 4. g3 Bg4 5. Bg2 Nbd7 6. O-O e6 7. d3 Bc5 8. Nbd2  O-O 9. h3 Bh5 10. Re1 Re8 11. a3 e5 12. e4 a5 13. c3 Qc7 14. Qc2 Rad8 15. b4  Bf8 16. Nb3 axb4 17. cxb4 dxe4 18. dxe4 Bg6 19. Rac1 Nb6 20. Nh4 Qb8 21. Nxg6  hxg6 22. Bf1 Nh7 23. Red1 Ng5 24. h4 Nh7 25. Rxd8 Rxd8 26. Rd1 Rxd1 27. Qxd1  Nf6 28. Qc2 Bd6 29. Bc1 Na8 30. Qd3 Ne8 31. Na5 Nac7 32. Bb2 Ne6 33. Nb3 Kf8  34. Bh3 Ke7 35. Kg2 N8c7 36. Qc4 f6 37. Na5 Qa7 38. Qb3 Qb8 39. Qa2 Qa7 40. Qc4  Qb8 41. Qxc6 1-0

[Event "Skopje ol (Men) fin-A"]
[Site "Skopje"]
[Date "1972.10.02"]
[Round "6.3"]
[White "Debarnot, Roberto Luis"]
[Black "Sloth, Jorn"]
[Result "0-1"]
[WhiteElo "2375"]
[BlackElo "2385"]

1. d4 Nf6 2. c4 e6 3. Nc3 Bb4 4. e3 b6 5. Bd3 Bb7 6. Nf3 O-O 7. O-O Bxc3 8.  bxc3 Be4 9. Qc2 Bxd3 10. Qxd3 d6 11. e4 Nbd7 12. Ng5 h6 13. Nh3 e5 14. a4 Re8  15. f3 c6 16. Bb2 Qc7 17. Rae1 Qb7 18. Ba3 d5 19. Nf2 Re6 20. Re2 Rae8 21. Rfe1  Qc8 22. g3 Qb7 23. Bc1 Qa6 24. cxd5 Qxd3 25. Nxd3 cxd5 26. Nf2 dxe4 27. fxe4  Rc6 28. Bb2 Rc4 29. Ra1 a6 30. Ra2 Rc6 31. Kg2 Rec8 32. Ba1 Re8 33. g4 Rc4 34.  Kf3 Nh7 35. h4 Nhf8 36. Nd1 Ng6 37. h5 Nf4 38. Ne3 Rc6 39. Re1 Nh3 40. Nf5 Ng5+  41. Kg2 g6 42. hxg6 fxg6 43. Nh4 Rf6 44. Rf2 Rxf2+ 45. Kxf2 Rf8+ 46. Ke2 Rf4  47. Nxg6 Rxg4 48. Ke3 Kf7 49. Nxe5+ Nxe5 50. dxe5 h5 51. Rf1+ Ke7 52. Rf6 h4  53. Rxb6 h3 54. Rh6 Rg3+ 55. Ke2 Rg1 56. Ke3 Rxa1 57. Kf4 Rh1 58. a5 h2 59. Kg3  Rg1+ 0-1

[Event "Skopje ol (Men) fin-A"]
[Site "Skopje"]
[Date "1972.10.02"]
[Round "6.3"]
[White "Ghitescu, Theodor"]
[Black "Jansa, Vlastimil"]
[Result "0-1"]
[WhiteElo "2450"]
[BlackElo "2480"]

1. c4 e5 2. Nc3 d6 3. d4 Nd7 4. Nf3 Ngf6 5. e4 g6 6. d5 Bg7 7. Be3 Ng4 8. Bg5  f6 9. Bh4 Nh6 10. Nd2 O-O 11. f3 Nf7 12. Bd3 Bh6 13. Bf2 Nc5 14. Bc2 a5 15. O-O  f5 16. exf5 gxf5 17. Re1 Kh8 18. Nf1 Bd7 19. Ng3 Qg5 20. Be3 f4 21. Nge4 Nxe4  22. Nxe4 Qg7 23. Bd2 Rg8 24. Re2 Bh3 25. Qf1 Qg6 26. Kh1 Bf5 27. Bc3 b6 28. Rc1  Bg7 29. Qf2 Nh6 30. Qh4 Raf8 31. Rg1 Bf6 32. Nxf6 Rxf6 33. g4 Bxc2 34. Rxe5  dxe5 35. Bxe5 Nf5 36. Qxf6+ Qxf6 37. Bxf6+ Ng7 38. Re1 Rf8 39. Bc3 Kg8 40. Re7  Rf7 41. Re5 Kf8 42. b4 axb4 43. Bxb4+ Kg8 44. Bd2 Bd3 45. d6 cxd6 46. Rd5 Bxc4  47. Rxd6 b5 48. Rd8+ Rf8 49. Rxf8+ Kxf8 50. a3 Ne6 51. Kg2 Kf7 52. h4 Bd5 53.  Kf2 Ke7 54. Bc3 Kd6 55. Bf6 Ba2 56. Ke2 Kd5 57. Kf2 Kc4 58. Be7 Bb1 59. Bd6 Bc2  60. h5 Kc3 61. Ke2 Kb2 62. Kd2 Bb3 63. Be7 Bd5 64. g5 Bxf3 65. g6 Be4 66. g7  Nxg7 67. Bf6+ Kxa3 68. Bxg7 b4 69. Bf8 Kb3 70. Bd6 f3 0-1

[Event "Skopje ol (Men) fin-A"]
[Site "Skopje"]
[Date "1972.10.02"]
[Round "6.3"]
[White "Medina Garcia, Antonio Angel"]
[Black "Ljubojevic, Ljubomir"]
[Result "0-1"]
[WhiteElo "2380"]
[BlackElo "2550"]

1. e4 c5 2. Nc3 Nc6 3. g3 g6 4. Bg2 Bg7 5. d3 Rb8 6. Be3 d6 7. Qd2 b5 8. Nge2  b4 9. Nd1 a5 10. a3 b3 11. c3 e6 12. O-O Nge7 13. f4 Qb6 14. Nf2 a4 15. Rad1  Nd4 16. Nh3 Nc2 17. Bf2 e5 18. Ng5 O-O 19. d4 exd4 20. cxd4 Ba6 21. Nf3 Nc6 22.  e5 dxe5 23. Nxe5 Bxe5 24. fxe5 cxd4 25. Nf4 Nxe5 26. Nd5 Qd6 27. Bxd4 Bxf1 28.  Rxf1 Nxd4 29. Qxd4 f6 30. Qxa4 Kg7 31. h3 Rf7 32. Kh2 h5 33. Qd4 Rd8 34. Rc1  Qa6 35. Qe4 Qa5 36. Rc3 Rfd7 37. Nf4 Qb6 38. Qe1 Rd2 0-1

[Event "Skopje ol (Men) fin-A"]
[Site "Skopje"]
[Date "1972.10.02"]
[Round "6.3"]
[White "Padevsky, Nikola"]
[Black "Schoeneberg, Manfred"]
[Result "1/2-1/2"]
[WhiteElo "2430"]
[BlackElo "2470"]

1. d4 Nf6 2. c4 c5 3. e3 g6 4. Nc3 Bg7 5. Nf3 O-O 6. Bd2 cxd4 7. exd4 d5 8. h3  Nc6 9. Be3 b6 10. Be2 Bb7 11. O-O Rc8 12. Qa4 dxc4 13. Bxc4 a6 14. Be2 b5 15.  Qd1 Nd5 16. Nxd5 Qxd5 17. Qd2 Rfd8 18. Rfd1 e5 19. dxe5 Qxd2 20. Nxd2 Bxe5 21.  Rab1 Nd4 22. Bxd4 Rxd4 23. b3 Rc2 24. Nf3 Bxf3 25. Bxf3 Rxa2 26. Kf1 Kg7 27.  Re1 Kf6 28. Re2 Rdd2 29. Rxd2 Rxd2 30. Rd1 Rxd1+ 31. Bxd1 Ke6 32. Bf3 Kd6 33.  Ke2 Kc5 34. Kd3 a5 35. Bb7 Bd4 36. f3 Bf2 37. g4 g5 38. Be4 h6 39. Bh7 Kd5 40.  Be4+ Kc5 41. Bb7 f6 42. Bc8 a4 43. bxa4 bxa4 44. Ke4 1/2-1/2

[Event "Skopje ol (Men) fin-A"]
[Site "Skopje"]
[Date "1972.10.02"]
[Round "6.3"]
[White "Pfleger, Helmut"]
[Black "Liljedahl, Lennart"]
[Result "1/2-1/2"]
[WhiteElo "2545"]
[BlackElo "2260"]

1. e4 Nf6 2. e5 Nd5 3. d4 d6 4. Nf3 Bg4 5. Be2 e6 6. O-O Be7 7. c4 Nb6 8. exd6  cxd6 9. Nc3 O-O 10. Be3 Nc6 11. d5 Bxf3 12. Bxf3 Ne5 13. dxe6 fxe6 14. Bg4 Rf6  15. b3 Nxg4 16. Qxg4 Qc7 17. Qh3 Rg6 18. Rfe1 Nd7 19. Nb5 Qa5 20. Bf4 Nc5 21.  Bxd6 Bxd6 22. Nxd6 Rd8 23. Red1 a6 24. Qe3 Rf6 25. f3 Qc7 26. Ne4 Nxe4 27.  Rxd8+ Qxd8 28. Qxe4 Qd2 29. Rf1 b6 30. a4 a5 31. Re1 h6 32. Qe2 Qd4+ 33. Qe3  Qd6 34. Re2 Qd1+ 35. Re1 Qd6 36. g3 h5 37. Kg2 h4 38. Re2 hxg3 39. hxg3 Rg6 40.  Qe5 Qd1 41. Qe3 Rh6 42. Re1 Qc2+ 43. Re2 Qd1 1/2-1/2

[Event "Skopje ol (Men) fin-A"]
[Site "Skopje"]
[Date "1972.10.02"]
[Round "6.3"]
[White "Tal, Mikhail "]
[Black "Pytel, Krzysztof"]
[Result "1/2-1/2"]
[WhiteElo "2625"]
[BlackElo "2380"]

1. Nf3 Nf6 2. c4 g6 3. Nc3 d5 4. cxd5 Nxd5 5. g3 Bg7 6. Bg2 O-O 7. O-O c5 8.  Nxd5 Qxd5 9. d3 Nc6 10. Be3 Bxb2 11. Rb1 Bf6 12. Qa4 Qd7 13. Bxc5 Nd4 14. Qd1  Ne6 15. Be3 Rb8 16. d4 Rd8 17. Qb3 b6 18. Qa3 Bb7 19. Qxa7 Bxf3 20. Qxd7 Rxd7  21. Bxf3 Nxd4 22. Bg4 Ra7 23. Rfd1 Nf5 24. Bxf5 gxf5 25. Rd2 Rba8 26. Rxb6 Rxa2  27. Rd5 Rxe2 28. Rxf5 Kg7 29. Rb4 Rea2 30. Rff4 Rb2 31. Rbe4 Rb5 32. Kg2 h6 33.  Rf3 Rba5 34. Rg4+ Kh7 35. Rc4 Ra4 36. Rc7 Kg6 37. h4 Ra3 38. Rb7 R8a5 39. Rb8  Ra8 1/2-1/2

[Event "Skopje ol (Men) fin-A"]
[Site "Skopje"]
[Date "1972.10.02"]
[Round "6.4"]
[White "Matulovic, Milan"]
[Black "Bellon Lopez, Juan Manuel"]
[Result "1-0"]
[WhiteElo "2525"]
[BlackElo "2385"]

1. e4 c5 2. Nf3 g6 3. c3 Bg7 4. d4 cxd4 5. cxd4 d5 6. e5 Bg4 7. Bb5+ Nc6 8.  Nbd2 Qb6 9. Bxc6+ Qxc6 10. O-O Rc8 11. Re1 Qc2 12. Qe2 a6 13. h3 Bf5 14. Nf1  Qxe2 15. Rxe2 Bd3 16. Re3 Bb5 17. Rc3 Rxc3 18. bxc3 e6 19. Ne3 Bh6 20. Ba3 f5  21. exf6 Bxe3 22. f7+ Kxf7 23. fxe3 h6 24. Ne5+ Kg7 25. Bd6 Nf6 26. a4 Be8 27.  Nd3 Nd7 28. a5 g5 29. Rb1 b5 30. axb6 Bg6 31. Rd1 Bxd3 32. Rxd3 Nxb6 33. Be5+  Kg8 34. Bxh8 Kxh8 35. Rd1 Nc4 36. Kf2 a5 37. Ra1 Kg7 38. Ke2 Kf6 39. e4 h5 40.  Kd3 a4 41. Rf1+ Ke7 42. exd5 exd5 43. Rf5 a3 44. Rxg5 h4 45. Rh5 Kd6 46. Rh6+  Kd7 47. Kc2 1-0

[Event "Skopje ol (Men) fin-A"]
[Site "Skopje"]
[Date "1972.10.02"]
[Round "6.4"]
[White "Olsson, Ake"]
[Black "Hecht, Hans Joachim"]
[Result "1/2-1/2"]
[WhiteElo "2380"]
[BlackElo "2485"]

1. e4 Nf6 2. e5 Nd5 3. d4 d6 4. c4 Nb6 5. Nf3 Bg4 6. Be2 e6 7. O-O Be7 8. Be3  Nc6 9. exd6 cxd6 10. d5 exd5 11. cxd5 Bxf3 12. gxf3 Ne5 13. f4 Ng6 14. Nc3 O-O  15. Rc1 Bf6 16. Qd2 Re8 17. Kh1 a6 18. Rg1 Rc8 19. Ne4 Rxe4 20. Bxb6 Qe8 21.  Rxc8 Qxc8 22. Bg4 Qc4 23. Rc1 Qb5 24. Be3 Rc4 25. Re1 Qxb2 26. Qxb2 Bxb2 27.  Rb1 Bf6 28. Rxb7 h5 29. Bf5 Ra4 30. Rb8+ Nf8 31. Bb1 Ra5 32. Rb6 Rxd5 33. Bc2  Bd4 34. Rxa6 Bxe3 35. fxe3 Rd2 36. Bb3 Ne6 37. Ra5 g6 38. f5 gxf5 39. Rxf5 Re2  40. Rxh5 Rxe3 41. Rf5 Kg7 42. Kg1 Nd4 43. Rxf7+ Kg6 44. Rb7 Nxb3 45. Rxb3 Re2  46. a4 Ra2 47. Rb4 d5 48. h4 Kf5 49. Kf1 Ke5 50. Rg4 Kf5 51. Rb4 Ke5 1/2-1/2

[Event "Skopje ol (Men) fin-A"]
[Site "Skopje"]
[Date "1972.10.02"]
[Round "6.4"]
[White "Trapl, Jindrich"]
[Black "Partos, Charles"]
[Result "1/2-1/2"]
[WhiteElo "2315"]
[BlackElo "2425"]

1. e4 c5 2. Nf3 Nc6 3. d4 cxd4 4. Nxd4 Nf6 5. Nc3 d6 6. Bc4 e6 7. Be3 Be7 8.  Qe2 a6 9. O-O-O Qc7 10. Bb3 b5 11. Nxc6 Qxc6 12. Bd4 Bb7 13. Rhe1 h5 14. f4 Kf8  15. a3 Re8 16. Qd3 Rh6 17. Kb1 Bc8 18. f5 Ng4 19. fxe6 fxe6 20. Nd5 Bd8 21.  Rf1+ Kg8 22. Ne3 Nxe3 23. Bxe3 Rf6 24. Bd4 Rxf1 25. Rxf1 h4 26. g3 Qc7 27. gxh4  Rf8 28. Rg1 Bf6 29. h5 Bxd4 30. Qxd4 Kh7 31. c3 e5 32. Qd2 Qe7 33. Rg6 Rf6 34.  Qg2 Bd7 35. Bd5 a5 36. b4 axb4 37. axb4 Be8 38. Rxf6 Qxf6 39. Qe2 Qg5 40. Kc2  Bxh5 1/2-1/2

[Event "Skopje ol (Men) fin-A"]
[Site "Skopje"]
[Date "1972.10.02"]
[Round "6.4"]
[White "Vogt, Lothar"]
[Black "Peev, Peicho Chonev"]
[Result "0-1"]
[WhiteElo "2390"]
[BlackElo "2425"]

1. e4 d6 2. d4 Nf6 3. Nc3 g6 4. f3 c6 5. Be3 Nbd7 6. Qd2 b5 7. a4 b4 8. Nd1 a5  9. Bd3 Bg7 10. Ne2 O-O 11. O-O e5 12. c3 bxc3 13. bxc3 d5 14. Nf2 Re8 15. Rab1  Ba6 16. Bxa6 Rxa6 17. Qd3 Ra8 18. Ng3 Qc7 19. Rfd1 h5 20. Bg5 Rab8 21. Qd2 Nb6  22. dxe5 Nh7 23. exd5 Nxg5 24. Qxg5 cxd5 25. f4 Nxa4 26. Rbc1 Qc5 27. f5 Rb2  28. Rd2 Rxe5 29. Kh1 Qxc3 30. Rdd1 Rc2 31. Qd8+ Kh7 32. Nh3 gxf5 33. Rb1 Nb2  34. Rg1 Qe3 35. Nxh5 a4 36. Nf6+ Bxf6 37. Qxf6 Kg8 38. Ng5 Re7 39. Qh6 f6 40.  Qxf6 a3 41. Qc6 Rxc6 0-1

[Event "Skopje ol (Men) fin-A"]
[Site "Skopje"]
[Date "1972.10.02"]
[Round "6.4"]
[White "Wirthensohn, Heinz"]
[Black "Sax, Gyula"]
[Result "0-1"]
[WhiteElo "2315"]
[BlackElo "2445"]

1. c4 f5 2. d4 Nf6 3. g3 g6 4. Bg2 Bg7 5. Nc3 O-O 6. Nh3 d6 7. d5 c6 8. O-O e5  9. dxe6 Bxe6 10. b3 Na6 11. Bb2 Qe7 12. Qc2 Rad8 13. Rad1 h6 14. Nf4 Bf7 15. e3  Ng4 16. Rfe1 Ne5 17. Nfe2 g5 18. f4 Nd7 19. Nd4 Bg6 20. fxg5 hxg5 21. Bh3 Qf7  22. Rf1 g4 23. Bg2 f4 24. Be4 Bxe4 25. Qxe4 f3 26. Qxg4 Ne5 27. Qe6 Nc5 28.  Qxf7+ Rxf7 29. Ba3 Ng4 30. Rxf3 Rxf3 31. Nxf3 Nxe3 32. Rxd6 Rxd6 33. Bxc5 Rd3  34. Ne4 Ng4 35. Nfg5 b6 36. Bd6 Rd1+ 37. Kg2 Ra1 38. h3 Rxa2+ 39. Kf3 Ne5+ 40.  Kf4 Nd3+ 41. Kf5 Rb2 42. h4 Nf2 43. h5 Nxe4 44. Nxe4 Rxb3 45. Bf4 a5 46. Kg6  Rd3 47. h6 Rd4 48. Nd6 Rxd6+ 49. Bxd6 Bb2 50. Kf5 a4 51. Ke4 a3 52. Bxa3 Bxa3  53. g4 Bc1 54. Ke5 Bxh6 55. Kd6 Kf7 56. Kxc6 Be3 57. Kd5 Kf6 58. Ke4 Bc5 59.  Kf4 Bd6+ 60. Ke4 Kg5 61. Kf3 Kh4 0-1

[Event "Skopje ol (Men) fin-A"]
[Site "Skopje"]
[Date "1972.10.03"]
[Round "7.1"]
[White "Gligoric, Svetozar"]
[Black "Garcia, Raimundo"]
[Result "1-0"]
[WhiteElo "2575"]
[BlackElo "2420"]

1. d4 Nf6 2. c4 c5 3. d5 e5 4. Nc3 d6 5. e4 g6 6. Be2 Nbd7 7. Nf3 Bg7 8. O-O  O-O 9. Bg5 h6 10. Bh4 a6 11. Nd2 Qc7 12. a3 Nh7 13. f3 Ndf6 14. b4 b6 15. Qb3  Nh5 16. bxc5 bxc5 17. Rfb1 Ng5 18. Be1 Nf4 19. Bf1 f5 20. Qb6 Qe7 21. Qc6 Ra7  22. Rb6 Nf7 23. Qa4 Nh5 24. Rab1 Nf6 25. Qd1 h5 26. R6b2 Bh6 27. Bf2 Rc7 28.  Qe1 f4 29. Na4 Bd7 30. Nb6 Be8 31. Nb3 g5 32. Na5 Nd8 33. Na8 Ra7 34. Rb8 Nd7  35. Rc8 Bg6 36. Nb6 Qf6 37. Na4 Nf7 38. Rxf8+ Nxf8 39. Nc6 Ra8 40. Rb7 Re8 41.  Nb6 g4 42. Be2 Bh7 43. Nd7 Nxd7 44. Rxd7 Bg5 45. fxg4 Bxe4 46. h4 f3 47. gxf3  Bxf3 48. hxg5 Nxg5 49. Be3 Bxe2 50. Bxg5 Qf3 51. Bh4 Bxc4 52. Qf2 1-0